[Event "OPEN DE GROS"]
[Site "?"]
[Date "2017.06.25"]
[Round "4.7"]
[White "Etchegaray, Patrice"]
[Black "Lagos Lejarraga, Jon"]
[Result "1-0"]
[WhiteElo "2359"]
[BlackElo "1987"]
[LiveChessVersion "1.4.8"]

1. d4 d5 2. Bf4 Nf6 3. e3 c5 4. c3 Nc6 5. Nd2 cxd4 6. exd4 Qb6 7. Qb3 Qxb3
8. axb3 e6 9. Ngf3 Nh5 10. Be3 Bd6 11. b4 O-O 12. Nb3 f5 13. Bb5 f4 14. Bd2
e5 15. Bxc6 bxc6 16. dxe5 Bxe5 17. Nxe5 Re8 18. O-O Rxe5 19. Nd4 Bd7 20.
Ra5 g5 21. Rfa1 Nf6 22. f3 Rb8 23. b3 Rd8 24. Rxa7 Ne8 25. Ra8 Rxa8 26.
Rxa8 Kf7 27. Ra7 Re7 28. Kf2 Nd6 29. Ra6 Nb7 30. Nxc6 Re6 31. b5 Re8 32.
Nd4 Nc5 33. Rd6 Re5 34. Nc6 Bxc6 35. bxc6 Ke7 36. c7 1-0

[Event "OPEN DE GROS"]
[Site "?"]
[Date "2017.06.25"]
[Round "4.8"]
[White "Alonso Bouza, Julio Javier"]
[Black "Prieto Aranguren, Alain"]
[Result "1-0"]
[WhiteElo "2385"]
[BlackElo "2266"]
[LiveChessVersion "1.4.8"]

1. e4 c6 2. d4 d5 3. exd5 cxd5 4. c4 Nf6 5. Nc3 e6 6. Nf3 Bb4 7. cxd5 Nxd5
8. Bd2 Nc6 9. Bd3 O-O 10. O-O Be7 11. a3 Bf6 12. Ne4 Nxd4 13. Nxf6+ Nxf6
14. Bb4 Nxf3+ 15. Qxf3 Re8 16. Rfd1 Nd5 17. Qh3 h6 18. Bb5 a5 19. Bxe8 Qxe8
20. Bc3 Bd7 21. Qg3 Nxc3 22. Qxc3 a4 23. Rd3 Rc8 24. Qd2 Bc6 25. Rg3 Kh8
26. Rc1 Rd8 27. Rd3 Rxd3 28. Qxd3 Kg8 29. Qd6 Kh8 30. f3 Kg8 31. Rd1 Bd5
32. Qc5 Kh8 33. Rd4 b5 34. Kf2 Qb8 35. Rb4 Qxh2 36. Qxb5 Qh5 37. Qxa4 Qf5
38. Qd1 Kh7 39. Rd4 g6 40. a4 Qe5 41. Qd2 Qb8 42. Rb4 Qc7 43. Qc3 Qe7 44.
a5 h5 45. Rb6 h4 46. Rb8 Qa7+ 47. Rb6 Qe7 48. Rb4 g5 49. Qd3+ Kh6 50. Qd4
Qd6 51. Rb6 Qg3+ 52. Kf1 Kh7 53. Qf2 Qc7 54. Kg1 Qc1+ 55. Kh2 Qf4+ 56. Kg1
Qc1+ 57. Kh2 Qf4+ 58. Kg1 Qc1+ 59. Qf1 Qc5+ 60. Kh2 Qxa5 61. Qd3+ Kg7 62.
Qc3+ 1-0

[Event "OPEN DE GROS"]
[Site "?"]
[Date "2017.06.25"]
[Round "4.9"]
[White "Andres Gonzalez, Ivan"]
[Black "Martinez Fernandez, Adrian"]
[Result "1-0"]
[WhiteElo "2375"]
[BlackElo "2111"]
[LiveChessVersion "1.4.8"]

1. e4 c5 2. Nc3 g6 3. Bc4 Bg7 4. f4 e6 5. Nf3 Nc6 6. O-O Nge7 7. d3 O-O 8.
Qe1 d5 9. Bb3 Nd4 10. Nxd4 cxd4 11. Nd1 a5 12. a4 dxe4 13. dxe4 d3 14. Nf2
dxc2 15. Bxc2 Qb6 16. Ra3 e5 17. Rb3 Qc5 18. Rc3 Qb6 19. Be3 Qf6 20. f5
gxf5 21. exf5 Nxf5 22. Rxc8 Raxc8 23. Ng4 Qh4 24. Bxf5 Qxe1 25. Rxe1 Rc4
26. b3 Rc3 27. Rb1 h5 28. Bd2 Rc6 29. Nf2 b6 30. Rc1 Rf6 31. Be4 Bh6 32.
Bxh6 Rxh6 33. Nd3 Re8 34. Rf1 Rd6 35. Rf3 Rd4 36. Nf2 Re6 37. h4 Kg7 38.
Rf5 Rb4 39. Bd5 Re7 40. Rxh5 Rd4 41. Rg5+ Kf8 42. Be4 Rb4 43. h5 f6 44. Rg6
f5 45. Bd5 Ke8 46. Bc4 e4 47. h6 e3 48. Nd3 b5 49. Bxb5+ Kd8 50. Nxb4 1-0

[Event "OPEN DE GROS"]
[Site "?"]
[Date "2017.06.25"]
[Round "4.10"]
[White "Buiza Prieto, Eihartze"]
[Black "Del Rey, Diego"]
[Result "0-1"]
[WhiteElo "2130"]
[BlackElo "2349"]
[LiveChessVersion "1.4.8"]

1. e4 d6 2. d4 Nf6 3. Nc3 e5 4. Nf3 Nbd7 5. Bc4 Be7 6. O-O O-O 7. Re1 c6 8.
a4 a5 9. h3 exd4 10. Nxd4 Nc5 11. Qf3 Be6 12. Ba2 Nfd7 13. Be3 Kh8 14. Qe2
Re8 15. f4 Bxa2 16. Rxa2 Bh4 17. Bf2 Bxf2+ 18. Qxf2 Nf6 19. Qf3 Qb6 20. Kh2
Qb4 21. Rd1 Ncxe4 22. Ra3 Nc5 23. Nf5 d5 24. Nd6 Rf8 25. Nf5 Rae8 26. Rf1
g6 27. Ng3 Qxb2 28. Ra2 Qb4 29. Raa1 Qd4 30. Rae1 Qd2 31. Re5 Ncd7 32. Re2
Rxe2 33. Ncxe2 Re8 34. f5 Qe3 0-1

[Event "OPEN DE GROS"]
[Site "?"]
[Date "2017.06.25"]
[Round "4.11"]
[White "Diaz Velandia, Jose Manuel"]
[Black "Martin Iribar, Ander"]
[Result "1/2-1/2"]
[WhiteElo "2345"]
[BlackElo "2043"]
[LiveChessVersion "1.4.8"]

1. d4 Nf6 2. Nf3 c5 3. e3 d5 4. c3 Qc7 5. Ne5 g6 6. Bb5+ Nbd7 7. f4 Bg7 8.
O-O O-O 9. Bd3 b6 10. Nd2 Bb7 11. Qf3 Rac8 12. Qh3 e6 13. Ndf3 Nxe5 14.
fxe5 Ne4 15. Bd2 Nxd2 16. Nxd2 Qe7 17. Qg4 f6 18. exf6 Bxf6 19. Rae1 Bg7
20. Nf3 e5 21. dxe5 Bxe5 22. h4 Kh8 23. h5 gxh5 24. Qxh5 Bg3 25. Re2 Rc6
26. e4 Qg7 27. Ng5 Rxf1+ 28. Kxf1 Rf6+ 29. Kg1 dxe4 30. Bxe4 Bxe4 31. Nxe4
Rf8 32. Ng5 Qd7 33. Rd2 Qf5 34. Qf3 Bf4 35. Rd5 1/2-1/2

[Event "OPEN DE GROS"]
[Site "?"]
[Date "2017.06.25"]
[Round "4.12"]
[White "Iturralde Echeverria, Ivan"]
[Black "Philippe, Guillaume"]
[Result "0-1"]
[WhiteElo "1750"]
[BlackElo "2342"]
[LiveChessVersion "1.4.8"]

1. e4 c5 2. Nc3 a6 3. Nf3 e6 4. d4 cxd4 5. Nxd4 b5 6. a3 Bb7 7. Be2 Qc7 8.
O-O Nf6 9. Bf3 d6 10. Bg5 Nbd7 11. Qe2 Be7 12. Rad1 O-O 13. Rfe1 Rac8 14.
Bg4 Rfe8 15. Bxf6 Bxf6 16. Ndxb5 axb5 17. Nxb5 Qb6 18. Nxd6 Ne5 19. Nxe8
Rxe8 20. h3 Ba6 21. Qe3 Qxb2 22. Qb3 Rb8 23. Qxb2 Rxb2 24. f4 Nxg4 25. hxg4
Rxc2 26. g5 Be7 27. Rd7 Bc5+ 28. Kh1 h6 29. Rc7 hxg5 30. fxg5 Bd3 31. Rc8+
Kh7 32. a4 Bxe4 33. Rxc5 Bxg2+ 0-1

[Event "OPEN DE GROS"]
[Site "?"]
[Date "2017.06.26"]
[Round "5.1"]
[White "Anurag, Mhamal"]
[Black "Andres Gonzalez, Alberto"]
[Result "1/2-1/2"]
[WhiteElo "2466"]
[BlackElo "2518"]
[LiveChessVersion "1.4.8"]

1. Nf3 Nf6 2. g3 d5 3. Bg2 c6 4. O-O Bf5 5. b3 e6 6. Bb2 h6 7. d3 Bc5 8.
Nbd2 O-O 9. a3 Nbd7 10. b4 Bb6 11. Nb3 Re8 12. c4 e5 13. a4 a6 14. Nh4 Bh7
15. Bh3 Nf8 16. Nf3 dxc4 17. dxc4 Qxd1 18. Rfxd1 Bc2 19. Rdc1 Bxb3 20. Nd2
Bxa4 21. Rxa4 Rad8 22. Nb3 Ne4 23. Bg2 Bxf2+ 24. Kf1 Bd4 25. Bxe4 Bxb2 26.
Rb1 Bd4 27. Na5 f5 28. Nxb7 fxe4 29. Nxd8 Rxd8 30. Rxa6 Rc8 1/2-1/2

[Event "OPEN DE GROS"]
[Site "?"]
[Date "2017.06.26"]
[Round "5.2"]
[White "Martinez Duany, Lelys Stanley"]
[Black "Flear, Glenn C"]
[Result "1-0"]
[WhiteElo "2494"]
[BlackElo "2455"]
[LiveChessVersion "1.4.8"]

1. c4 e6 2. Nf3 d5 3. g3 dxc4 4. Qa4+ Bd7 5. Qxc4 c5 6. Ne5 Nc6 7. Nxd7
Qxd7 8. Bg2 Rc8 9. O-O Nf6 10. Nc3 Be7 11. Qa4 O-O 12. d3 Rfd8 13. Rb1 b6
14. Bd2 Nd4 15. Qxd7 Rxd7 16. Rfc1 c4 17. e3 Nc6 18. d4 Nb4 19. Bf1 Rb7 20.
b3 cxb3 21. a3 Nc2 22. Rxb3 Nxa3 23. Ba6 Rbc7 24. Bxc8 Rxc8 25. Nd5 Rxc1+
26. Bxc1 Nxd5 27. Bxa3 f5 28. Bxe7 Nxe7 29. f3 Kf7 30. Kf2 Ke8 31. e4 fxe4
32. fxe4 Nc6 33. Ke3 Kd7 34. Rb1 e5 35. d5 Nd4 36. Kd3 h5 37. h4 g6 38. Rb2
Ke7 39. Kc4 Kd6 40. Rf2 Ke7 41. Ra2 a5 42. Rb2 1-0

[Event "OPEN DE GROS"]
[Site "?"]
[Date "2017.06.26"]
[Round "5.3"]
[White "Velten, Paul"]
[Black "Etchegaray, Patrice"]
[Result "1-0"]
[WhiteElo "2449"]
[BlackElo "2359"]
[LiveChessVersion "1.4.8"]

1. d4 Nf6 2. Nf3 d5 3. c4 e6 4. g3 Be7 5. Bg2 O-O 6. O-O dxc4 7. Qc2 b6 8.
Ne5 Qxd4 9. Qc3 Qxc3 10. Nxc3 c6 11. Nxc6 Nxc6 12. Bxc6 Rb8 13. Bf4 e5 14.
Bxe5 Bh3 15. Bxb8 Bxf1 16. Bxa7 Bh3 17. Bxb6 Rb8 18. Bd4 Rxb2 19. a4 Rd2
20. Be3 Rc2 21. a5 Rxc3 22. Bd4 Rb3 23. a6 Rb8 24. a7 Rc8 25. a8=Q Rxa8 26.
Rxa8+ 1-0

[Event "OPEN DE GROS"]
[Site "?"]
[Date "2017.06.26"]
[Round "5.4"]
[White "Favarel, Antoine"]
[Black "Stany, G.A."]
[Result "1/2-1/2"]
[WhiteElo "2386"]
[BlackElo "2489"]
[LiveChessVersion "1.4.8"]

1. d4 Nf6 2. c4 g6 3. g3 Bg7 4. Bg2 d5 5. cxd5 Nxd5 6. Nf3 Nb6 7. Nc3 Nc6
8. e3 O-O 9. O-O Re8 10. h3 a5 11. d5 Nb4 12. e4 e6 13. a3 Na6 14. Bg5 f6
15. Bf4 e5 16. Bc1 c6 17. Re1 cxd5 18. exd5 Bd7 19. b3 Rc8 20. Bb2 f5 21.
Bf1 e4 22. Nd4 Nc5 23. Ndb5 e3 24. f4 Ne4 25. Nxe4 Bxb2 26. Rb1 Bxb5 27.
Bxb5 Rxe4 28. Rxb2 Rc5 29. Bc4 Qd6 30. Qd3 Nxc4 31. bxc4 Rexc4 32. Rxb7
Qxd5 33. Rd7 Qc6 34. Rd8+ Kg7 35. Qd7+ Qxd7 36. Rxd7+ Kh6 37. Rxe3 Rc1+ 38.
Kf2 R5c2+ 39. Re2 Rxe2+ 40. Kxe2 a4 41. g4 fxg4 42. hxg4 Rc3 43. Rd3 Rc4
1/2-1/2

[Event "OPEN DE GROS"]
[Site "?"]
[Date "2017.06.26"]
[Round "5.5"]
[White "Alonso Garcia, Rene Marcial"]
[Black "Oratovsky, Michael"]
[Result "1/2-1/2"]
[WhiteElo "2358"]
[BlackElo "2501"]
[LiveChessVersion "1.4.8"]

1. d4 d6 2. Nf3 g6 3. c4 Bg7 4. Nc3 Nd7 5. e4 e5 6. Be2 Ngf6 7. O-O O-O 8.
Qc2 Qe7 9. dxe5 dxe5 10. Nd5 Qd8 11. Rd1 Nh5 12. Bg5 f6 13. Bd2 c6 14. Ne3
Nf4 15. Bb4 Rf7 16. c5 Nxe2+ 17. Qxe2 b5 18. cxb6 axb6 19. Bd6 b5 20. Qc2
Qb6 1/2-1/2

[Event "OPEN DE GROS"]
[Site "?"]
[Date "2017.06.26"]
[Round "5.6"]
[White "Del Rey, Diego"]
[Black "Romero Holmes, Alfonso"]
[Result "1/2-1/2"]
[WhiteElo "2349"]
[BlackElo "2438"]
[LiveChessVersion "1.4.8"]

1. e4 c5 2. Nf3 d6 3. Bb5+ Nc6 4. d4 cxd4 5. Qxd4 Bd7 6. Bxc6 Bxc6 7. c4 f5
8. Nc3 e5 9. Qe3 fxe4 10. Ng5 Nf6 11. O-O Qc8 12. Ngxe4 Bxe4 13. Nxe4 Qxc4
14. Ng3 g6 15. Bd2 Bg7 16. Qa3 Qe6 17. Bb4 O-O 18. Bxd6 Rfd8 19. Be7 Rd4
20. Bxf6 Bxf6 1/2-1/2

[Event "OPEN DE GROS"]
[Site "?"]
[Date "2017.06.26"]
[Round "5.7"]
[White "Philippe, Guillaume"]
[Black "Alonso Bouza, Julio Javier"]
[Result "1/2-1/2"]
[WhiteElo "2342"]
[BlackElo "2385"]
[LiveChessVersion "1.4.8"]

1. e4 e6 2. d4 d5 3. Nd2 dxe4 4. Nxe4 Bd7 5. Nf3 Bc6 6. Bd3 Nd7 7. O-O Ngf6
8. Ng3 Be7 9. Qe2 Bxf3 10. Qxf3 c6 11. b3 O-O 12. Bb2 Re8 13. c4 Nf8 14.
Rad1 Ng6 15. a3 Qa5 16. Ne2 Rad8 17. g3 Rd7 18. b4 Qc7 19. h4 Nf8 20. Nc1
Red8 21. Be2 h5 22. Nd3 Ng6 23. Ne5 Nxe5 24. dxe5 Ng4 25. Qe4 Rxd1 26. Rxd1
Rxd1+ 27. Bxd1 a5 28. c5 axb4 29. axb4 b6 30. Bd4 bxc5 31. bxc5 Qb7 32. f3
Qb4 33. Bf2 Qxe4 34. fxe4 Nxf2 35. Kxf2 Bxc5+ 36. Kg2 Bd4 37. Bxh5 Bxe5 38.
Bd1 Kf8 39. Ba4 c5 40. Bb5 Bc3 41. Kf3 Ke7 42. g4 Be1 43. h5 Bd2 44. e5 Bc3
45. Ke4 f6 46. exf6+ Kxf6 47. Bc4 Bb2 48. Bb3 e5 49. Bc4 Bc3 50. Bb3 Ba1
51. Bc4 Bb2 52. Bb3 Kg5 53. Be6 Kf6 54. Bc4 Kg5 55. Be6 c4 56. Bxc4 Kxg4
57. Bf7 Kg5 58. Bg6 Bd4 59. Be8 Bb2 60. Bg6 Bd4 61. Be8 Bb2 1/2-1/2

[Event "OPEN DE GROS"]
[Site "?"]
[Date "2017.06.26"]
[Round "5.8"]
[White "Gavasheli, Ana"]
[Black "Andres Gonzalez, Ivan"]
[Result "1-0"]
[WhiteElo "2227"]
[BlackElo "2375"]
[LiveChessVersion "1.4.8"]

1. Nf3 g6 2. e4 c6 3. d4 d5 4. e5 Na6 5. Nc3 Nc7 6. Be2 Bg7 7. h3 Nh6 8. g4
f6 9. exf6 exf6 10. Be3 Nf7 11. Qd2 b5 12. O-O-O a5 13. g5 a4 14. gxf6 Qxf6
15. a3 Bf5 16. Bf4 Ne6 17. Be5 Nxe5 18. dxe5 Qe7 19. Nxd5 cxd5 20. Bxb5+
Kf7 21. Qxd5 Rhd8 22. Bd7 Rac8 23. Bxc8 Rxd5 24. Rxd5 Nf4 25. e6+ Kf8 26.
Rb5 Nd3+ 27. Kb1 Nxb2 28. Rb7 Bxc2+ 29. Kxc2 Qc5+ 30. Kb1 Qxc8 31. Rf7+ Kg8
32. Rc1 Qxe6 33. Ng5 Qa6 34. Rcc7 Be5 35. Rcd7 Qb6 36. Rb7 Qa6 37. Rbd7 Bf6
38. Nxh7 Qf1+ 39. Ka2 Qc4+ 40. Kb1 Qe4+ 41. Ka2 Qe6+ 42. Kb1 Qe1+ 43. Ka2
Qe6+ 44. Kb1 Qe1+ 45. Ka2 Qe6+ 46. Kb1 Qe4+ 47. Ka2 Qc4+ 48. Kb1 Bc3 49.
Rf8# 1-0

[Event "OPEN DE GROS"]
[Site "?"]
[Date "2017.06.26"]
[Round "5.9"]
[White "Lazarev, Vladimir"]
[Black "Tsatsalashvili, Keti"]
[Result "1-0"]
[WhiteElo "2416"]
[BlackElo "2248"]
[LiveChessVersion "1.4.8"]

1. Nf3 d5 2. d4 Nf6 3. c4 e6 4. e3 Bb4+ 5. Nbd2 Ne4 6. Bd3 f5 7. a3 Bd6 8.
c5 Be7 9. b4 O-O 10. Bb2 Bd7 11. O-O Be8 12. Qc2 Rf6 13. Ne5 Rh6 14. f3 Bg5
15. f4 Bf6 16. Ndf3 Nc6 17. Nxc6 bxc6 18. a4 Bd7 19. Rab1 g5 20. Bxe4 fxe4
21. Ne5 Bxe5 22. dxe5 g4 23. g3 Qe8 24. Rf2 Rg6 25. Qc3 Kf7 26. b5 Ke7 27.
Qa5 Qc8 28. Ba3 Kf7 29. Rbf1 Qb7 30. Qc3 Ke7 31. f5 exf5 32. e6 Bxe6 33.
Qe5 Kd7 34. Rxf5 Bxf5 35. Qxf5+ Re6 36. Qxh7+ Re7 37. Qf5+ Re6 38. Rd1 Re8
39. Rxd5+ Kc8 40. Re5 Kd7 41. Rd5+ Kc8 42. Re5 Kd7 43. Rxe4 cxb5 44. Rxe6
Rxe6 45. Qf7+ Re7 46. Qxe7+ Kxe7 47. c6+ 1-0

[Event "OPEN DE GROS"]
[Site "?"]
[Date "2017.06.26"]
[Round "5.10"]
[White "Lakunza Oyarbide, Juan Carlos"]
[Black "Sos Andreu, Eric"]
[Result "0-1"]
[WhiteElo "2068"]
[BlackElo "2353"]
[LiveChessVersion "1.4.8"]

1. Nf3 c5 2. c4 g6 3. Nc3 Bg7 4. d4 cxd4 5. Nxd4 Nc6 6. Nxc6 bxc6 7. g3 Rb8
8. Qa4 Qb6 9. a3 h5 10. Bg2 Qa6 11. Qxa6 Bxa6 12. c5 Bd4 13. Ne4 Nf6 14. e3
Be5 15. Nd2 Bxb2 16. Rb1 Be5 17. Rxb8+ Bxb8 18. Bb2 O-O 19. Bh3 Rd8 20. e4
Bc7 21. Bc3 Ng4 22. f3 Ne5 23. Kd1 Nd3 24. Bd4 d5 25. cxd6 Rxd6 26. Be3 Bb6
0-1

[Event "OPEN DE GROS"]
[Site "?"]
[Date "2017.06.26"]
[Round "5.11"]
[White "Gattegno, Laurent"]
[Black "Diaz Velandia, Jose Manuel"]
[Result "0-1"]
[WhiteElo "1992"]
[BlackElo "2345"]
[LiveChessVersion "1.4.8"]

1. d4 Nf6 2. c4 g6 3. Nc3 d5 4. cxd5 Nxd5 5. e4 Nxc3 6. bxc3 Bg7 7. Nf3 O-O
8. Rb1 c5 9. Be2 Qa5 10. O-O cxd4 11. cxd4 Qxa2 12. Bg5 Qa3 13. Rb3 Qd6 14.
e5 Qd8 15. Qc1 Nc6 16. Rd1 Na5 17. Rb4 Bf5 18. d5 f6 19. Bh6 b6 20. Ba6
fxe5 21. Bxg7 Kxg7 22. Nxe5 Qd6 23. Qb2 Qf6 24. Rf4 Kg8 25. Qd4 Qd6 26. Rh4
Rad8 27. Qe3 Qf6 28. Rf4 Qg7 29. g4 Bc8 30. Rxf8+ Qxf8 31. Be2 Qf6 32. f4
Rf8 33. Rd4 Qh4 34. Kg2 Qf6 35. g5 Qd6 36. h4 Qc5 37. Nd3 Qa3 38. Re4 Rf7
39. Qd4 Bf5 40. Re3 Bxd3 41. Bxd3 Qd6 42. f5 Nb3 43. Qc4 Nc5 44. fxg6 hxg6
45. Rf3 Rxf3 46. Kxf3 Nxd3 47. Qxd3 a5 48. Qc4 a4 49. Qc6 a3 0-1

[Event "OPEN DE GROS"]
[Site "?"]
[Date "2017.06.26"]
[Round "5.12"]
[White "Martin Iribar, Ander"]
[Black "Hernandez Sanchez, Elvis De La"]
[Result "1/2-1/2"]
[WhiteElo "2043"]
[BlackElo "2293"]
[LiveChessVersion "1.4.8"]

1. Nf3 g6 2. c4 Bg7 3. d4 d6 4. Nc3 e6 5. e4 Nd7 6. Be3 b6 7. Qd2 h6 8. Bd3
Ne7 9. d5 e5 10. Ng1 Nc5 11. Bc2 f5 12. f3 a5 13. Nge2 Bd7 14. b3 f4 15.
Bf2 g5 16. h3 Ng8 17. O-O-O Nf6 18. Kb2 Kf7 19. Nc1 Qb8 20. Nd3 Qb7 21. Ra1
h5 22. Bd1 g4 23. hxg4 Nxd3+ 24. Qxd3 hxg4 25. Rxh8 Rxh8 26. Be2 Rh2 27.
Rg1 Qc8 28. Be1 Qh8 29. Qd1 Rh1 30. Bd2 Rxg1 31. Qxg1 g3 32. Qe1 Qh2 33.
Bf1 Ke7 34. Qe2 Nh7 35. Nb5 Kd8 36. Na3 Nf8 37. Nc2 Ng6 38. Ne1 Nh4 39. a3
Qg1 40. Bc3 Bf8 41. Bd2 Be7 42. Bc3 Ke8 43. Kc2 Bd8 44. Nd3 Qh2 45. Ne1 Kf8
46. c5 a4 47. b4 bxc5 48. bxc5 Qg1 49. c6 Bc8 50. Kb2 Qb6+ 51. Qb5 Qf2+ 52.
Qe2 Qa7 53. Ka2 Qc5 54. Kb2 Qb6+ 55. Qb5 Qf2+ 56. Qe2 Qb6+ 1/2-1/2

[Event "OPEN DE GROS"]
[Site "?"]
[Date "2017.06.27"]
[Round "6.1"]
[White "Velten, Paul"]
[Black "Anurag, Mhamal"]
[Result "0-1"]
[WhiteElo "2449"]
[BlackElo "2466"]
[LiveChessVersion "1.4.8"]

1. d4 Nf6 2. Nf3 g6 3. c3 Bg7 4. Bg5 b6 5. Nbd2 Bb7 6. e3 d6 7. Be2 Nbd7 8.
O-O h6 9. Bxf6 Nxf6 10. Ba6 Bc6 11. Qe2 O-O 12. e4 e6 13. a4 Rb8 14. Ra2
Nh5 15. Re1 Bd7 16. Nf1 e5 17. dxe5 Be6 18. Raa1 dxe5 19. Ne3 Nf4 20. Qc2
Qf6 21. Nd2 c6 22. Bc4 Bd7 23. Bf1 h5 24. b4 Rfd8 25. Rad1 Bh6 26. Ndc4 Be6
27. Rxd8+ Rxd8 28. Rd1 Rxd1 29. Qxd1 Bf8 30. Qd2 Bc8 31. Qb2 Ne6 32. Qc2
Kg7 33. Qd3 Nf4 34. Qd2 h4 35. h3 Be7 36. Qd1 Qg5 37. Kh1 Nh5 38. Nd6 Be6
39. Qd2 Qf4 40. Bc4 Bxc4 41. Ndxc4 Qxe4 42. Qd7 Bg5 43. Nd6 Qb1+ 44. Kh2
Bf4+ 45. g3 Bxg3+ 46. Kg2 Nf4+ 47. Kf3 Qh1+ 48. Kg4 Qxh3+ 49. Kg5 Ne6+ 50.
Qxe6 Bf4# 0-1

[Event "OPEN DE GROS"]
[Site "?"]
[Date "2017.06.27"]
[Round "6.2"]
[White "Favarel, Antoine"]
[Black "Martinez Duany, Lelys Stanley"]
[Result "1/2-1/2"]
[WhiteElo "2386"]
[BlackElo "2494"]
[LiveChessVersion "1.4.8"]

1. d4 d5 2. c4 c6 3. cxd5 cxd5 4. Bf4 Nc6 5. e3 Nf6 6. Nc3 e6 7. Bd3 Be7 8.
h3 a6 9. Nf3 O-O 10. O-O b5 11. Rc1 Bb7 12. Ne5 Rc8 13. a4 b4 14. Nb1 Nxe5
15. Rxc8 Bxc8 16. Bxe5 Qa5 17. Nd2 Bd7 18. Nb3 Qxa4 19. Bxf6 Bxf6 20. Nc5
Qc6 21. Nxd7 Qa4 22. Nc5 1/2-1/2

[Event "OPEN DE GROS"]
[Site "?"]
[Date "2017.06.27"]
[Round "6.3"]
[White "Andres Gonzalez, Alberto"]
[Black "Gavasheli, Ana"]
[Result "1-0"]
[WhiteElo "2518"]
[BlackElo "2227"]
[LiveChessVersion "1.4.8"]

1. d4 d5 2. Nf3 Nf6 3. c4 e6 4. Nc3 Be7 5. Bf4 O-O 6. e3 dxc4 7. Bxc4 c5 8.
O-O b6 9. d5 b5 10. d6 bxc4 11. dxe7 Qxe7 12. Bd6 Qd8 13. Bxf8 Qxf8 14. Ne5
Nbd7 15. Nxc4 Bb7 16. Qd6 Nb6 17. Qxf8+ Kxf8 18. Na5 Ba6 19. Rfd1 Rc8 20.
Rac1 Ke7 21. b3 h6 22. e4 Nfd7 23. a4 Ne5 24. Nb5 Bxb5 25. axb5 g5 26. f3
h5 27. Nb7 Ned7 28. Rc3 Rc7 29. Na5 Kf6 30. Kf2 Rc8 31. Ke3 Ne5 32. Ra1
Nbd7 33. Nc4 Rc7 34. g3 Ke7 35. Na5 Kf6 36. h3 Nb6 37. f4 gxf4+ 38. gxf4
Ned7 39. Nc6 Nc8 40. Rg1 e5 41. fxe5+ Nxe5 42. Rxc5 1-0

[Event "OPEN DE GROS"]
[Site "?"]
[Date "2017.06.27"]
[Round "6.4"]
[White "Oratovsky, Michael"]
[Black "Del Rey, Diego"]
[Result "1/2-1/2"]
[WhiteElo "2501"]
[BlackElo "2349"]
[LiveChessVersion "1.4.8"]

1. e4 c5 2. Nf3 d6 3. d4 cxd4 4. Nxd4 Nf6 5. f3 e5 6. Nb3 d5 7. Bg5 Be6 8.
Bxf6 gxf6 9. exd5 Qxd5 10. Qxd5 Bxd5 11. Nc3 Be6 12. Nb5 Kd7 13. O-O-O+ Kc8
14. Bd3 h5 15. Be4 Nc6 16. Bd5 Be7 17. Nc3 Kc7 18. f4 Rag8 19. fxe5 fxe5
20. Bxe6 fxe6 21. g3 1/2-1/2

[Event "OPEN DE GROS"]
[Site "?"]
[Date "2017.06.27"]
[Round "6.5"]
[White "Stany, G.A."]
[Black "Philippe, Guillaume"]
[Result "1/2-1/2"]
[WhiteElo "2489"]
[BlackElo "2342"]
[LiveChessVersion "1.4.8"]

1. e4 g6 2. d4 Bg7 3. Nc3 a6 4. h4 h5 5. Nf3 d6 6. Ng5 Nf6 7. Bf4 Nc6 8. e5
dxe5 9. dxe5 Qxd1+ 10. Rxd1 Ng4 11. Nd5 O-O 12. Nxc7 Ra7 13. e6 f6 14. Ne4
b5 15. f3 Nge5 16. Nd5 Bxe6 17. Be3 Rd7 18. Nc5 Rxd5 19. Nxe6 Rxd1+ 20.
Kxd1 Rc8 21. Nxg7 Kxg7 22. c3 Kf7 23. Be2 Nc4 24. Bc1 N6e5 25. Kc2 Ke6 26.
Re1 Kf7 27. Rd1 Nd6 28. a4 bxa4 29. Bxa6 Ra8 30. Bf1 Nf5 31. b4 axb3+ 32.
Kxb3 Rb8+ 33. Ka2 Nxh4 34. f4 Ng4 35. Bc4+ Kf8 36. Rd7 Nxg2 37. Ba3 Re8 38.
Bb5 Nxf4 39. Ra7 Rc8 40. Bxe7+ Kg8 41. c4 h4 42. Bd7 Rxc4 43. Bxg4 Rc2+ 44.
Ka3 h3 45. Bxf6 h2 46. Rg7+ Kf8 47. Rh7 Nh5 48. Bxh5 h1=Q 49. Rh8+ Kf7 50.
Bxg6+ Kxg6 51. Rxh1 Kxf6 1/2-1/2

[Event "OPEN DE GROS"]
[Site "?"]
[Date "2017.06.27"]
[Round "6.6"]
[White "Flear, Glenn C"]
[Black "Prieto Aranguren, Alain"]
[Result "1/2-1/2"]
[WhiteElo "2455"]
[BlackElo "2266"]
[LiveChessVersion "1.4.8"]

1. d4 Nf6 2. c4 g6 3. Nc3 Bg7 4. e4 d6 5. Be2 O-O 6. Bg5 c5 7. d5 e6 8. Nf3
exd5 9. cxd5 h6 10. Bh4 Re8 11. Nd2 a6 12. a4 Nbd7 13. O-O Rb8 14. f4 Qc7
15. Kh1 Nh7 16. Bg3 Bxc3 17. bxc3 b5 18. axb5 axb5 19. e5 f5 20. exf6 Ndxf6
21. c4 bxc4 22. Nxc4 Ne4 23. Bd3 Nhf6 24. Bh4 Bf5 25. Bxf6 Nxf6 26. Bxf5
gxf5 27. Ra6 Rbd8 28. Qa1 Qe7 29. Ra7 Rd7 30. Rxd7 Nxd7 31. Kg1 Nf6 32. Qd1
Kg7 33. h3 Ne4 34. Qa1+ Qf6 35. Qxf6+ Kxf6 36. Ra1 Rd8 37. Ra6 h5 38. h4
Ke7 39. Ra7+ Kf6 40. Ra6 Ke7 41. Ra7+ Kf6 42. Ra6 Ke7 43. Ra7+ 1/2-1/2

[Event "OPEN DE GROS"]
[Site "?"]
[Date "2017.06.27"]
[Round "6.7"]
[White "Romero Holmes, Alfonso"]
[Black "Munoz Avila, Jose Luis"]
[Result "1-0"]
[WhiteElo "2438"]
[BlackElo "2176"]
[LiveChessVersion "1.4.8"]

1. e4 e5 2. Nf3 d6 3. d4 exd4 4. Qxd4 Nc6 5. Bb5 Ne7 6. Qc3 a6 7. Ba4 Bd7
8. O-O h6 9. Nbd2 Ng6 10. Bxc6 bxc6 11. Nd4 Qf6 12. f4 c5 13. Ne2 Qxc3 14.
Nxc3 f5 15. b3 fxe4 16. Ndxe4 Be7 17. f5 Ne5 18. Nd5 Bd8 19. f6 gxf6 20.
Nexf6+ Bxf6 21. Nxf6+ Kd8 22. Bb2 Ng6 23. Nxd7 Kxd7 24. Bxh8 Rxh8 25. Rf7+
Kc6 26. Raf1 Ne5 27. Rg7 a5 28. Rf4 Re8 29. h3 Re6 30. Kf2 h5 31. Rf8 Rh6
32. Rgg8 Kd5 1-0

[Event "OPEN DE GROS"]
[Site "?"]
[Date "2017.06.27"]
[Round "6.8"]
[White "Sos Andreu, Eric"]
[Black "Lazarev, Vladimir"]
[Result "1/2-1/2"]
[WhiteElo "2353"]
[BlackElo "2416"]
[LiveChessVersion "1.4.8"]

1. d4 Nf6 2. c4 e6 3. g3 d5 4. Nf3 Bb4+ 5. Bd2 Be7 6. Bg2 O-O 7. O-O c6 8.
Qc2 Nbd7 9. Bf4 b6 10. Rd1 Ba6 11. Ne5 Rc8 12. Nc3 Bxc4 13. Nxc4 dxc4 14.
e4 b5 15. a4 a6 16. axb5 axb5 17. d5 cxd5 18. exd5 e5 19. Bg5 Bc5 20. Nxb5
h6 1/2-1/2

[Event "OPEN DE GROS"]
[Site "?"]
[Date "2017.06.27"]
[Round "6.9"]
[White "Alonso Bouza, Julio Javier"]
[Black "Sanchez Merino, Christian"]
[Result "1-0"]
[WhiteElo "2385"]
[BlackElo "1789"]
[LiveChessVersion "1.4.8"]

1. e4 g6 2. d4 Bg7 3. Nf3 d6 4. Bc4 Nf6 5. Qe2 O-O 6. h3 Nc6 7. e5 dxe5 8.
dxe5 Nd5 9. Bd2 Nb6 10. Bb3 Be6 11. Nc3 Nd4 12. Nxd4 Qxd4 13. f4 Nc4 14.
Bxc4 Bxc4 15. Qf3 Qb6 16. Na4 Qc6 17. Qxc6 bxc6 18. b3 Bd5 19. O-O f6 20.
c4 Bf7 21. Rfe1 Rfd8 22. Bc3 Rd3 23. e6 Be8 24. Rad1 Rad8 25. Nb2 Rxd1 26.
Rxd1 Rxd1+ 27. Nxd1 f5 28. g4 g5 29. fxg5 fxg4 30. hxg4 Bg6 31. Bxg7 Kxg7
32. Kf2 h5 33. Kg3 hxg4 34. Kxg4 Bd3 35. Ne3 Kg6 36. Kf4 Bb1 37. a3 a5 38.
Ng4 c5 39. Ne5+ 1-0